عرض عادي
عرض مارك
- Kaesling, Katharina
دخول Personal Name
001 - CONTROL NUMBER
- control field: 10321
003 - CONTROL NUMBER IDENTIFIER
- control field: AE-AdECS
005 - DATE AND TIME OF LATEST TRANSACTION
- control field: 20250108095444.0
008 - FIXED-LENGTH DATA ELEMENTS
- fixed length control field: 250108|| aca||aabn | a|a d
040 ## - CATALOGING SOURCE
- Original cataloging agency: AE-AdECS
- Transcribing agency: AE-AdECS
100 ## - HEADING--PERSONAL NAME
- Personal name: Kaesling, Katharina
670 ## - SOURCE DATA FOUND
- Source citation: Work cat.: (AE-AdECS)288737: Recommender systems :
